Belated comments on a great event, (Record no. 552415)
[ view plain ]
| 000 -LEADER | |
|---|---|
| fixed length control field | 00481cam a22001451 4500 |
| 082 ## - DEWEY DECIMAL CLASSIFICATION NUMBER | |
| Classification number | 940.48 |
| Author Mark | ROW |
| 100 2# - MAIN ENTRY--PERSONAL NAME | |
| Personal name | Rowan-Robinson, H. |
| 9 (RLIN) | 49499 |
| 245 10 - TITLE STATEMENT | |
| Title | Belated comments on a great event, |
| Statement of responsibility, etc. | by Maj.-Gen. H. Rowan-Robinson. |
| 260 ## - PUBLICATION, DISTRIBUTION, ETC. | |
| Place of publication, distribution, etc. | London, |
| Name of publisher, distributor, etc. | Williams & Norgate, ltd., |
| Date of publication, distribution, etc. | 1932. |
| 300 ## - PHYSICAL DESCRIPTION | |
| Extent | 112 p. |
| Other physical details | incl. front. (map) |
| Dimensions | 19 cm. |
| 526 ## - STUDY PROGRAM INFORMATION NOTE | |
| Program name | 0 |
| Interest level | 0 |
| Reading level | 0 |
| Title point value | 940_480000000000000_ROW |
| 650 #0 - SUBJECT ADDED ENTRY--TOPICAL TERM | |
| Topical term or geographic name entry element | MCE |
| 9 (RLIN) | 379 |
| 650 #0 - SUBJECT ADDED ENTRY--TOPICAL TERM | |
| Topical term or geographic name entry element | Somme, 2nd Battle of the, France, 1918. |
| 9 (RLIN) | 49377 |
| 942 ## - ADDED ENTRY ELEMENTS (KOHA) | |
| Source of classification or shelving scheme | |
| Koha item type | Book |
| Withdrawn status | Lost status | Source of classification or shelving scheme | Damaged status | Not for loan | Permanent Location | Current Location | Shelving location | Date acquired | Total Checkouts | Full call number | Barcode | Date last seen | Price effective from | Koha item type |
|---|---|---|---|---|---|---|---|---|---|---|---|---|---|---|
| Military College of Engineering (MCE) | Military College of Engineering (MCE) | 01/15/2015 | 940.48 ROW | MCE-ECB/44 | 01/15/2015 | 01/15/2015 | Book |
